Medical Microbiology Illustrated (Record no. 4164)

MARC details
000 -LEADER
fixed length control field 00778cam a2200253 a 4500
001 - CONTROL NUMBER
control field 666446
003 - CONTROL NUMBER IDENTIFIER
control field OSt
005 - DATE AND TIME OF LATEST TRANSACTION
control field 20230928082732.0
008 - FIXED-LENGTH DATA ELEMENTS--GENERAL INFORMATION
fixed length control field 941221s1994 enka b 001 0 eng
010 ## - LIBRARY OF CONGRESS CONTROL NUMBER
LC control number 94240378
020 ## - INTERNATIONAL STANDARD BOOK NUMBER
International Standard Book Number 0750601876
040 ## - CATALOGING SOURCE
Original cataloging agency DLC
Transcribing agency DLC
050 00 - LIBRARY OF CONGRESS CALL NUMBER
Classification number QR67
Item number .G55 1994
082 00 - DEWEY DECIMAL CLASSIFICATION NUMBER
Classification number QW4 G415m 1994
100 1# - MAIN ENTRY--PERSONAL NAME
Personal name Gillespie, S. H.
9 (RLIN) 2530
245 10 - TITLE STATEMENT
Title Medical Microbiology Illustrated
260 ## - PUBLICATION, DISTRIBUTION, ETC. (IMPRINT)
Place of publication, distribution, etc. Oxford, Eng. ;
Name of publisher, distributor, etc. Butterworth Heinmann,
Date of publication, distribution, etc. 1994.
300 ## - PHYSICAL DESCRIPTION
Extent 286 p. :
Other physical details col.ill ;
Dimensions 26 cm.
504 ## - BIBLIOGRAPHY, ETC. NOTE
Bibliography, etc Includes bibliographical references (p. 270-274) and index.
650 #0 - SUBJECT ADDED ENTRY--TOPICAL TERM
Topical term or geographic name as entry element Diagnostic microbiology
9 (RLIN) 1421
906 ## - LOCAL DATA ELEMENT F, LDF (RLIN)
a 7
b cbc
c orignew
d 3
e ncip
f 19
g y-gencatlg
942 ## - ADDED ENTRY ELEMENTS (KOHA)
Source of classification or shelving scheme Dewey Decimal Classification
Koha item type Open Shelf
Holdings
Withdrawn status Lost status Source of classification or shelving scheme Damaged status Not for loan Home library Current library Date acquired Source of acquisition Inventory number Total Checkouts Full call number Barcode Date last seen Koha item type
    Other/Generic Classification Scheme     MUST Main Library MUST Main Library 26/05/2016 Purchase 00/1405   QW4 G415m 1994 2016-2146 26/05/2016 Open Shelf